I Did Something Bad lyrics - Statistics

General Stats
  • This quiz has been taken 311 times
  • The average score is 353 of 409
Answer Stats
Lyrics % Correct
I
99%
me
99%
So
99%
so
99%
the
99%
a
98%
And
98%
and
98%
but
98%
But
98%
it
98%
It
98%
they
98%
They
98%
go
97%
something
97%
bad
96%
bad,
96%
did
96%
feel
96%
feel,
96%
good?
95%
good,
95%
good
95%
then
94%
Then
94%
say
93%
do
92%
love
92%
never
92%
'em
90%
If
90%
if
90%
trust
89%
on
88%
play
88%
them,
88%
them
88%
my
87%
like
86%
all
85%
ever
85%
had
85%
narcissist,
85%
oh
85%
Oh,
85%
You
85%
you
85%
make
84%
easy
83%
violin
83%
why's
83%
Why's
83%
can
82%
he
82%
He
82%
him
81%
over
81%
comin'
80%
is
80%
look
80%
man
80%
one
80%
world
80%
again
79%
nothin'
79%
skin
79%
'Cause
78%
'cause
78%
could
78%
felt
78%
just
78%
tell
78%
shit,
77%
how
76%
nothing
76%
owe
76%
playboy,
76%
talks
76%
think
76%
see
75%
every
74%
for
74%
This
74%
three
74%
works
74%
flames
73%
got
73%
I'd
73%
lie
73%
don't
72%
"Don't
72%
lips
72%
even
71%
burning
70%
up,
70%
up
70%
around
69%
fun
69%
light
69%
Light
69%
what
69%
witches,
69%
aren't
68%
Most
68%
red
68%
about
67%
get
67%
Now
67%
coming
65%
They're
65%
thinks
65%
before
64%
left
64%
let
64%
name,
64%
next
64%
ahead
63%
fly
63%
leave
63%
saved
62%
bit
60%
regret
60%
says,
60%
thing"
60%
gotta
59%
Crimson
57%
paint
56%
away
54%
their
54%
throw
54%
drops
53%
reasons
52%
spends
52%
change,
51%
pitchforks
47%
proof,
47%
receipts
41%
No matching quizzes found
Score Distribution
Percent of People with Each Score
Percentile by Number Answered
Your Score History
You have not taken this quiz